Optimalizácia daňového zaťaženia malých a stredných podnikov diplomová práca

Enregistré dans:
Détails bibliographiques
Auteur principal: Vargová, Daniela
Collectivité auteur: Fakulta podnikového manažmentu EU. Katedra podnikovohospodárska
Autres auteurs: Kovalev, Andrej
Format: Livre
Langue:slovaque
Publié: Bratislava 2014
Tags: Ajouter un tag
Pas de tags, Soyez le premier à ajouter un tag!

MARC

LEADER 00000nbm a2200000 4500
001 0188113
005 20170201093231.5
041 0 |a slo 
044 |a SK 
245 1 0 |a Optimalizácia daňového zaťaženia malých a stredných podnikov  |b diplomová práca  |c Daniela Vargová ; školiteľ: Andrej Kovalev 
264 1 |a Bratislava  |c 2014 
300 |a 89 s. 
100 1 |a Vargová, Daniela 
700 1 |a Kovalev, Andrej 
710 2 |a Fakulta podnikového manažmentu EU. Katedra podnikovohospodárska